Rubāʻiyāt-i ʻOmar K̲h̲ayyām par ek taḥqīqī naẓar. (Record no. 73280)
[ view plain ]
| 000 -LEADER | |
|---|---|
| fixed length control field | 00559cam a22002171 4500 |
| 001 - CONTROL NUMBER | |
| control field | sa 67002444 |
| 003 - CONTROL NUMBER IDENTIFIER | |
| control field | DLC |
| 005 - DATE AND TIME OF LATEST TRANSACTION | |
| control field | 20260227112331.0 |
| 008 - FIXED-LENGTH DATA ELEMENTS--GENERAL INFORMATION | |
| fixed length control field | 890905s1966 ii 000 0 urdr |
| 010 ## - LIBRARY OF CONGRESS CONTROL NUMBER | |
| LC control number | sa 67002444 |
| 035 ## - SYSTEM CONTROL NUMBER | |
| System control number | (OCoLC)20302491 |
| 040 ## - CATALOGING SOURCE | |
| Original cataloging agency | DLC |
| Transcribing agency | WaU |
| Modifying agency | DLC |
| 042 ## - AUTHENTICATION CODE | |
| Authentication code | premarc |
| 050 00 - LIBRARY OF CONGRESS CALL NUMBER | |
| Classification number | PK2524.A7 |
| Item number | R8 |
| 100 1# - MAIN ENTRY--PERSONAL NAME | |
| Personal name | Āsī, ʻAbdulbārī. |
| 245 10 - TITLE STATEMENT | |
| Title | Rubāʻiyāt-i ʻOmar K̲h̲ayyām par ek taḥqīqī naẓar. |
| 260 ## - PUBLICATION, DISTRIBUTION, ETC. | |
| Place of publication, distribution, etc. | Lucknow, |
| Date of publication, distribution, etc. | [1966] |
| 300 ## - PHYSICAL DESCRIPTION | |
| Extent | 160 p. |
| Dimensions | 19 cm. |
| 500 ## - GENERAL NOTE | |
| General note | In Urdu. |
| 600 00 - SUBJECT ADDED ENTRY--PERSONAL NAME | |
| Personal name | Omar Khayyam. |
No items available.